000 00826nam a2200253Ia 4500
003 OSt
005 20220918170648.0
006 a|||||r|||| 00| 0
007 ta
008 220917b |||||||| |||| 00| 0 eng d
020 _a9780415525176 (pbk)
_c3145.94
024 _a281,153
037 _bBBS/116, 17/02/2014, Better Book Services
_cTextual
040 _aARTS
_cARTS
_beng
041 _2eng
_aeng
082 _aSM9:86, Q3
100 _aGeltner Paul
_930254
245 0 _aEmotional communication
_b Countertransference analysis and the use of feeling in psychoanalytic technique
260 _aLondon
_bRoutledge UK
_c2013
300 _axiii,336p.
_ccm.
650 _aPSYCHOLOGY
942 _hSM9:86, Q3
_cTEXL
_2CC
999 _c135066
_d135066